Diseño en Ingeniería Mecánica de Shigley.

Na minha lista:
Detalhes bibliográficos
Autor principal: Budynas, Richard G
Outros Autores: Nisbett, J. Keith
Formato: Livro
Idioma:espanhol
Publicado em: Ciudad de México, México McGraw Hill 2008
Edição:Octava edición
Assuntos:
Acesso em linha:Disponible Online
Tags: Adicionar Tag
Sem tags, seja o primeiro a adicionar uma tag!

MARC

LEADER 00000cam a2200000 a 4500
001 UCI8220
003 CL-VaPUC
005 20210610193935.0
008 080813e20080000MX |||||||||||||||||spa|d
999 |c 331239  |d 331237 
020 |a 9789701064047 
040 |c Pontificia Universidad Católica de Valparaíso 
082 0 4 |a 621.815 BUD 2008  |2 21 
100 0 |a Budynas, Richard G  |9 531739 
245 1 0 |a Diseño en Ingeniería Mecánica de Shigley. 
250 |a Octava edición 
260 0 3 |a Ciudad de México, México  |b McGraw Hill  |c 2008 
300 |a 1059 páginas 
583 |a last modification  |c 20150109 12:45:00  |k Rodrigo Vera 
650 0 |a Maquinaria  |9 260482 
650 0 |a Ingeniería mecánica   |9 262089 
650 0 |a Diseño mecánico  |9 396029 
650 0 |a Deformaciones  |2 CL-VaPUC  |9 635326  |x Mecánica 
650 0 |a Resistencia de materiales  |9 260095 
700 0 |a Nisbett, J. Keith  |9 531740 
856 |u http://bibliografiadigital.pucv.cl.pucv.idm.oclc.org/index.php/bibliotecapucv/catalog/book/491  |y Disponible Online  
942 |c BK  |2 ddc 
945 |d 20080813 00:00:00  |a jtorresc 
952 |0 0  |1 0  |2 ddc  |4 0  |6 621_815000000000000_BUD_2008  |7 0  |8 R  |9 417516  |a BIBMEC  |b BIBMEC  |d 2019-11-22  |i 4472551  |l 3  |o 621.815 BUD 2008  |p 4472551  |r 2024-05-22  |s 2024-05-15  |t 1  |w 2019-11-22  |y BK_R  |k MEC 
952 |0 0  |1 0  |2 ddc  |4 0  |6 621_815000000000000_BUD_2008  |7 0  |8 R  |9 417517  |a BIBMEC  |b BIBMEC  |d 2019-11-22  |i 4679946  |o 621.815 BUD 2008  |p 4679946  |r 2024-01-19  |t 2  |w 2019-11-22  |y BK_R  |k MEC 
952 |0 0  |1 0  |2 ddc  |4 0  |6 621_815000000000000_BUD_2008  |7 0  |8 R  |9 417518  |a BIBMEC  |b BIBMEC  |d 2019-11-22  |i 4679954  |o 621.815 BUD 2008  |p 4679954  |r 2024-01-19  |t 3  |w 2019-11-22  |y BK_R  |k MEC 
952 |0 0  |1 0  |2 ddc  |4 0  |6 621_815000000000000_BUD_2008  |7 0  |8 A  |9 417519  |a BIBING  |b BIBING  |c RES  |d 2019-11-22  |i 4707133  |l 2  |o 621.815 BUD 2008  |p 4707133  |r 2025-04-03  |s 2025-04-03  |t 6  |w 2019-11-22  |y BK  |k ING 
952 |0 0  |1 0  |2 ddc  |4 0  |6 621_815000000000000_BUD_2008  |7 0  |8 R  |9 417520  |a BIBMEC  |b BIBMEC  |d 2019-11-22  |i 4737911  |o 621.815 BUD 2008  |p 4737911  |r 2024-01-19  |t 4  |w 2019-11-22  |y BK_R  |k MEC 
952 |0 0  |1 0  |2 ddc  |3 erb  |4 0  |6 621_815000000000000_BUD_2008  |7 0  |8 R  |9 417521  |a BIBMEC  |b BIBMEC  |i 5134196  |l 2  |o 621.815 BUD 2008  |p 5134196  |r 2024-01-19  |s 2022-03-16  |t 5  |w 2019-11-22  |y BK_R  |z Catalogado en:20150109  |k MEC